000 00859cam a2200265 4500
001 ABS62328
008 000000n2000 000 0 eng u
035 _a(Sirsi) u106054
100 _aDwelly, T.
245 _aHousing market healthcheck
260 _c2000
490 _aRoof
_v25(3) May/June 2000, 26-29(4)
520 _aDiscusses why government attempts to break the house price boom/bust cycle do not seem to be working and analyses the current state of the housing market in depth. Statistics and graphs.
590 _aABS
650 _aHOUSING MARKET
650 _aHOUSING BOOM
650 _aHOUSE PRICES
650 _aINFLATION
650 _aMORTGAGES
650 _aHOUSING AFFORDABILITY
650 _aREPOSSESSIONS
650 _aHOME OWNERSHIP
690 _aPROPERTY-RESIDENTIAL PROPERTY-RESIDENTIAL PROPERTY MARKET
942 _n0
999 _c63526
_d63526